| 000 | 00676cam a22002411 4500 | ||
|---|---|---|---|
| 001 | he 68004386 | ||
| 003 | DLC | ||
| 005 | 20260227111508.0 | ||
| 008 | 940317s1967 is 000 0 heb | ||
| 010 | _ahe 68004386 | ||
| 025 | _aPL480:Is-5720 | ||
| 035 | _a(OCoLC)29982419 | ||
| 040 |
_aDLC _cTxU _dDLC |
||
| 042 | _apremarc | ||
| 050 | 0 | 0 |
_aBM710 _b.H48 |
| 245 | 0 | 0 | _aHilkhot bayit kesherot. |
| 260 |
_a[Yerushalayim] _bMiʹsrad ha-ḥinukh veha-tarbut, ha-Maḥlakah le-tarbut Toranit _c[1967?] |
||
| 300 |
_a8 p. _c21 cm. |
||
| 500 | _aCover title. | ||
| 500 | _aVocalized. | ||
| 650 | 0 |
_aJews _xDietary laws. |
|
| 710 | 1 |
_aIsrael. _bMaḥlaḳah le-tarbut Toranit. |
|
| 999 |
_c34085 _d34085 |
||